Electronic materials and devices
Salvato in:
| Autore principale: | |
|---|---|
| Natura: | Libro |
| Lingua: | English |
| Pubblicazione: |
Boston : Houghton Mifflin,
1975
|
| Soggetti: | |
| Tags: |
Aggiungi Tag
Nessun Tag, puoi essere il primo ad aggiungerne!!
|
MARC
| LEADER | 00000nam a2200000Ia 4500 | ||
|---|---|---|---|
| 003 | 001909 | ||
| 005 | 20221231143936.0 | ||
| 008 | 140114s1975 maua 000 ||eng d | ||
| 040 | |c cru CEDI | ||
| 082 | |a 621.381.52 N339e | ||
| 100 | |a Navon, David H. |9 20946 | ||
| 245 | |a Electronic materials and devices | ||
| 260 | |a Boston : Houghton Mifflin, |c 1975 | ||
| 300 | |a xi, 404 páginas : ilustraciones. ; 25 cm. | ||
| 651 | |x SEMICONDUCTORES |x ELECTRONICA - APARATOS E INSTRUMENTOS |9 20947 | ||
| 942 | |2 ddc |c BK | ||
| 999 | |c 14554 |d 14554 | ||
